| 000 | 00586nam a22001937a 4500 | ||
|---|---|---|---|
| 005 | 20240129115836.0 | ||
| 010 | _aENG-139013 | ||
| 020 | _a3905437104 | ||
| 035 | _aEN-122545 | ||
| 037 | _bDBAD/PUB | ||
| 082 |
_a914.3646 _21 |
||
| 100 |
_aGstohl, Egon _961374 |
||
| 245 |
_aPrincipality of liechtenstein _cEgon Gstohl _bExperience- A Journey In Pictures |
||
| 260 |
_aSchaan _bMarco Nescher, _c2006 |
||
| 270 | _aAlpenland Verlag AG, Feldkircher Strasse 13, FL-9494 | ||
| 300 |
_a159 p. _c29cm(Hbk) |
||
| 700 | _961360 | ||
| 942 |
_2ddc _cEN _h914.3648 _mGST _e2nd |
||
| 999 |
_c200421 _d200421 |
||